| 000 | 00369nam a2200145Ia 4500 | ||
|---|---|---|---|
| 008 | 230917s9999||||xx |||||||||||||| ||und|| | ||
| 040 |
_e37878 _aMAIN |
||
| 041 | _aEnglish | ||
| 082 | _a658.787 S28I | ||
| 100 | _aStarr, Martin K | ||
| 245 | 0 | _aInventory control: Theory and practice | |
| 260 |
_aNew Delhi _bPrentice-Hall _c1974 |
||
| 300 | _aix, 354 p. | ||
| 942 | _cBK | ||
| 999 |
_c35664 _d35664 |
||